[Event "SR 1. liga zapad 2012/2013"]
[Site "?"]
[Date "2012.12.08"]
[Round "3.4"]
[White "Vojtek, Vladimir"]
[Black "Havlicek, Libor"]
[Result "0-1"]
[WhiteElo "2283"]
[BlackElo "2299"]
[PlyCount "188"]
[EventDate "2012.??.??"]

1. d4 Nf6 2. Nf3 e6 3. e3 c5 4. Bd3 Nc6 5. O-O d5 6. b3 a6 7. Bb2 b5 8. c4 bxc4
9. bxc4 Rb8 10. Qc1 Qb6 11. Ba3 Nb4 12. Bxb4 Qxb4 13. cxd5 Nxd5 14. e4 Nf6 15.
Nbd2 Qb2 16. Rb1 Qxc1 17. Rxb8 Qa3 18. Rxc8+ Kd7 19. Ra8 Kc7 20. Bxa6 Be7 21.
Rxh8 Qxa6 22. dxc5 h6 23. Rb1 Bxc5 24. Rc1 Qa3 25. Rc2 Kb7 26. h3 Qa7 27. Rd8
Bxf2+ 28. Kh2 Qe3 29. Nc4 Qf4+ 30. Kh1 Nxe4 31. Nd6+ Nxd6 32. Rxf2 Qc1+ 33. Ng1
Qc7 34. Rg8 Ne4 35. Rb2+ Ka7 36. Ne2 Nf2+ 37. Kg1 Qc5 38. Rbb8 Ne4+ 39. Kh1 Qf2
40. Ra8+ Kb7 41. Rgb8+ Kc7 42. Rc8+ Kd7 43. Nd4 Ng3+ 44. Kh2 Nf1+ 45. Kh1 Ne3
46. Rd8+ Ke7 47. Re8+ Kd6 48. Red8+ Ke5 49. Nf3+ Kf6 50. Rd2 Qf1+ 51. Ng1 Kg6
52. Ra3 Qf4 53. Rdd3 Nf1 54. Nf3 e5 55. Rd1 Ng3+ 56. Kg1 e4 57. Nd2 e3 58. Nf3
Kh7 59. Re1 e2 60. Kf2 h5 61. Ra5 Kh6 62. h4 f6 63. Ra6 Qc4 64. Ra8 Ne4+ 65.
Ke3 Nc3 66. Rd8 Qxa2 67. Rd2 Qa7+ 68. Kd3 Qa3 69. Rc2 Nd1+ 70. Kxe2 Ne3 71. Rd2
Nxg2 72. Rf1 Qe3+ 73. Kd1 Nf4 74. Nd4 Qe5 75. Kc1 Nd3+ 76. Kc2 Qxd4 77. Rxd3
Qxh4 78. Kd2 Qh2+ 79. Ke1 h4 80. Rf2 Qg1+ 81. Ke2 Qg4+ 82. Kf1 f5 83. Rd6+ Kh5
84. Rg2 Qf3+ 85. Kg1 g5 86. Rd8 Qe3+ 87. Kh1 Qe1+ 88. Rg1 Qe4+ 89. Kh2 Qe5+ 90.
Kh1 g4 91. Rgd1 h3 92. R1d3 g3 93. Rxg3 Qxg3 94. Rh8+ Kg4 0-1

[Event "SR 1. liga zapad 2012/2013"]
[Site "?"]
[Date "2012.12.08"]
[Round "3.5"]
[White "Balog, Imre"]
[Black "Schwarz, Dusan"]
[Result "1-0"]
[WhiteElo "2554"]
[BlackElo "2305"]
[PlyCount "127"]
[EventDate "2012.??.??"]

1. Nf3 d5 2. d4 Nf6 3. c4 c6 4. Qc2 dxc4 5. Qxc4 Bf5 6. g3 e6 7. Bg2 Nbd7 8.
O-O Be7 9. e3 O-O 10. Qe2 Ne4 11. Nc3 Nxc3 12. bxc3 Be4 13. Rd1 Qc7 14. c4 c5
15. Bb2 Bf6 16. Rac1 Rfd8 17. Bh3 b6 18. Nd2 Bb7 19. f3 Be7 20. Ne4 Nf6 21. Bg2
Rac8 22. Qc2 cxd4 23. exd4 Bd5 24. Bf1 Qb7 25. Bd3 b5 26. c5 Nxe4 27. Bxe4 f5
28. Bxd5 Qxd5 29. Qb3 Bf6 30. Kf2 a6 31. f4 Rc6 32. Rc2 h5 33. Qxd5 Rxd5 34.
Ke3 e5 35. fxe5 Bxe5 36. a4 Bc7 37. axb5 axb5 38. Ra1 h4 39. Kf3 hxg3 40. hxg3
g5 41. Ra8+ Kf7 42. g4 Re6 43. Ra7 fxg4+ 44. Kxg4 Re4+ 45. Kf3 Re7 46. Rb7 Rf5+
47. Kg2 g4 48. Bc3 g3 49. Kg1 Rf2 50. Rc1 Rf5 51. Re1 Bd8 52. Rexe7+ Bxe7 53.
c6 Ke6 54. c7 Rf8 55. d5+ Kd7 56. c8=Q+ Kxc8 57. Rxe7 Rf3 58. Ba5 Rd3 59. Rc7+
Kb8 60. Rc5 Kb7 61. Rxb5+ Kc8 62. Rc5+ Kd7 63. Bc7 Rd2 64. Bxg3 1-0

[Event "SR 1. liga zapad 2012/2013"]
[Site "?"]
[Date "2012.12.08"]
[Round "3.5"]
[White "Hajek, Lukas"]
[Black "Husari, Satea"]
[Result "1/2-1/2"]
[WhiteElo "2155"]
[BlackElo "2290"]
[PlyCount "111"]
[EventDate "2012.??.??"]

1. d4 Nf6 2. c4 e6 3. Nf3 d5 4. Nc3 Be7 5. cxd5 exd5 6. Bg5 O-O 7. e3 Nbd7 8.
Bd3 Re8 9. O-O c6 10. Qc2 Nf8 11. Rab1 h6 12. Bf4 Bd6 13. Bxd6 Qxd6 14. b4 Ne6
15. Rfc1 Ng5 16. Nxg5 hxg5 17. Ne2 a6 18. Ng3 Qf8 19. a4 g6 20. b5 axb5 21.
axb5 Bd7 22. Qb2 Ra3 23. bxc6 bxc6 24. Rc3 Rea8 25. Rxa3 Rxa3 26. Qc2 Kg7 27.
Nf1 Qa8 28. Nd2 Ra2 29. Qc1 Ng4 30. h3 Nf6 31. Nb3 g4 32. hxg4 Nxg4 33. f3 Qb8
34. fxg4 Qg3 35. Bc2 Bxg4 36. Ra1 Rxc2 37. Qxc2 Qxe3+ 38. Kf1 Bf5 39. Qf2 Qxb3
40. Rc1 Qa3 41. Qf4 Be4 42. Qd2 Qg3 43. Rxc6 f5 44. Kg1 f4 45. Qf2 Qxf2+ 46.
Kxf2 Kh6 47. Re6 Kg5 48. Re8 Kg4 49. Rf8 g5 50. Rf6 Kh4 51. Rh6+ Kg4 52. Re6
Bf5 53. Re5 Be4 54. Re8 Kf5 55. Rf8+ Kg4 56. Re8 1/2-1/2

[Event "SR 1. liga zapad 2012/2013"]
[Site "?"]
[Date "2012.12.08"]
[Round "3.5"]
[White "Janos, Jozef"]
[Black "Hudoba, Ondrej"]
[Result "1/2-1/2"]
[WhiteElo "2152"]
[BlackElo "2140"]
[PlyCount "38"]
[EventDate "2012.??.??"]

1. d4 Nf6 2. Nf3 d5 3. g3 c5 4. c3 e6 5. Bg2 Nc6 6. O-O Bd6 7. Bf4 h6 8. Bxd6
Qxd6 9. dxc5 Qxc5 10. b4 Qd6 11. a4 O-O 12. a5 Qc7 13. Nbd2 Bd7 14. Qb3 b6 15.
axb6 axb6 16. Rfc1 Rxa1 17. Rxa1 Ne5 18. Nxe5 Qxe5 19. e3 Bb5 1/2-1/2

[Event "SR 1. liga zapad 2012/2013"]
[Site "?"]
[Date "2012.12.08"]
[Round "3.5"]
[White "Nikel, Rastislav"]
[Black "Novak, Ivan"]
[Result "0-1"]
[WhiteElo "2073"]
[BlackElo "2193"]
[PlyCount "80"]
[EventDate "2012.??.??"]

1. d4 b5 2. Bf4 Bb7 3. e3 Nf6 4. Nf3 a6 5. Bd3 e6 6. Nbd2 c5 7. c3 Nc6 8. O-O
Be7 9. h3 O-O 10. Qe2 d5 11. Ne5 Nxe5 12. Bxe5 Re8 13. g4 Nd7 14. Bg3 Bh4 15.
Bd6 Qb6 16. Bh2 Bf6 17. f4 cxd4 18. cxd4 g6 19. Qf2 Bg7 20. g5 a5 21. Rac1 Ba6
22. Rfe1 b4 23. Bb1 Rac8 24. Nf3 a4 25. Qd2 Qb5 26. Rxc8 Rxc8 27. Bg3 Nb6 28.
b3 axb3 29. axb3 Rc3 30. Qb2 Nc8 31. Nd2 Nd6 32. Bf2 Qa5 33. Rc1 Qc7 34. Re1
Nb5 35. Nf1 Na3 36. Rd1 Nxb1 37. Qxb1 Bxf1 38. Rxf1 Qa5 39. Rc1 Qa3 40. Rxc3
bxc3 0-1

[Event "SR 1. liga zapad 2012/2013"]
[Site "?"]
[Date "2012.12.08"]
[Round "3.5"]
[White "Orosi, Peter"]
[Black "Foldesi, Marek"]
[Result "1/2-1/2"]
[WhiteElo "2041"]
[BlackElo "2070"]
[PlyCount "112"]
[EventDate "2012.??.??"]

1. d4 d5 2. c4 c6 3. Nc3 Nf6 4. Nf3 e6 5. Bg5 Nbd7 6. e3 Qa5 7. Bxf6 Nxf6 8.
Bd3 dxc4 9. Bxc4 Nd5 10. Qc2 Be7 11. O-O Nxc3 12. bxc3 Bf6 13. Rab1 O-O 14. Bd3
g6 15. Be4 Qc7 16. Nd2 b6 17. Bf3 Bb7 18. a4 Rab8 19. a5 bxa5 20. Qa4 Ba6 21.
c4 Rb6 22. Qxa5 Rfb8 23. Ra1 Bc8 24. Qxa7 R6b7 25. Qa4 Bd7 26. c5 e5 27. Ne4
Bg7 28. Qa5 f5 29. Qxc7 Rxc7 30. Nd6 Bf6 31. Ra4 Be6 32. Rfa1 Bf7 33. Be2 exd4
34. exd4 Kg7 35. Ra7 Re7 36. Rxe7 Bxe7 37. Nxf7 Kxf7 38. Bf3 Bf6 39. Rd1 Rb4
40. Bxc6 Bxd4 41. Bd5+ Ke7 42. Re1+ Kd7 43. c6+ Kd6 44. Bg8 Kxc6 45. Bxh7 Rb2
46. Rf1 Kd6 47. Bxg6 Ke5 48. g3 Kf6 49. Bh5 Kg5 50. Bf3 Bb6 51. Kg2 Kf6 52. h4
Kg6 53. Bd5 Kf6 54. Bf3 Kg6 55. g4 fxg4 56. Bxg4 Rxf2+ 1/2-1/2

[Event "SR 1. liga zapad 2012/2013"]
[Site "?"]
[Date "2012.12.08"]
[Round "3.5"]
[White "Svaralova, Monika"]
[Black "Chovanec, Vladimir"]
[Result "0-1"]
[WhiteElo "2021"]
[BlackElo "2095"]
[PlyCount "54"]
[EventDate "2012.??.??"]

1. d4 e6 2. c4 Bb4+ 3. Nc3 c5 4. e3 Ne7 5. Bd3 d6 6. a3 Bxc3+ 7. bxc3 Nbc6 8.
Nf3 e5 9. O-O Ng6 10. Nd2 f5 11. Rb1 O-O 12. Kh1 Qg5 13. Rg1 b6 14. g4 fxg4 15.
Ne4 Qe7 16. Rb2 Na5 17. f3 gxf3 18. Rf2 Bf5 19. Ng5 e4 20. Bf1 Rae8 21. Rg3 Nh4
22. Nh3 Ng6 23. Nf4 Nxf4 24. exf4 e3 25. Rfxf3 e2 26. Bxe2 Qxe2 27. Qg1 Be4 0-1

[Event "SR 1. liga zapad 2012/2013"]
[Site "?"]
[Date "2012.12.08"]
[Round "3.5"]
[White "Todor, Razvan"]
[Black "Chlpik, Martin"]
[Result "1-0"]
[WhiteElo "2202"]
[BlackElo "2099"]
[PlyCount "93"]
[EventDate "2012.??.??"]

1. c4 Nf6 2. g3 e5 3. Bg2 d5 4. cxd5 Nxd5 5. Nc3 Nb6 6. Nf3 Nc6 7. O-O Be7 8.
a3 a5 9. d3 O-O 10. Be3 Be6 11. Na4 Nd5 12. Bc5 f6 13. Rc1 Bf7 14. d4 e4 15.
Nh4 Be6 16. Bxe7 Ndxe7 17. Bxe4 Nxd4 18. Nc5 Bh3 19. e3 Bxf1 20. Qxf1 Ndc6 21.
Qc4+ Kh8 22. Ne6 Qd6 23. Nxf8 Rxf8 24. Qb5 Qd2 25. Rf1 Rb8 26. Nf5 Qd8 27. Nxe7
Nxe7 28. Qxa5 c6 29. Qh5 g6 30. Qc5 Qc7 31. Rd1 Rd8 32. Rd4 Kg7 33. b4 Rxd4 34.
exd4 Qd7 35. a4 Nc8 36. d5 Qe8 37. Bf3 cxd5 38. Qc7+ Kh6 39. Qxb7 d4 40. Qd5
Qe1+ 41. Kg2 Qxb4 42. a5 Na7 43. Qf7 Qxa5 44. Qf8+ Kg5 45. h4+ Kf5 46. g4+ Ke5
47. Qe7+ 1-0

[Event "SR 1. liga zapad 2012/2013"]
[Site "?"]
[Date "2012.12.08"]
[Round "3.5"]
[White "Zatko, Gregor"]
[Black "Danada, Tomas"]
[Result "0-1"]
[WhiteElo "2148"]
[BlackElo "2098"]
[PlyCount "68"]
[EventDate "2012.??.??"]

1. d4 g6 2. Nf3 Bg7 3. Bf4 d6 4. e3 Nc6 5. h3 e5 6. Bh2 a6 7. Be2 Nh6 8. c3 Qe7
9. a4 O-O 10. O-O Nf5 11. Na3 e4 12. Nd2 Nh4 13. Bf4 Nd8 14. Qc2 f5 15. d5 Nf7
16. Nac4 g5 17. Bh2 Bd7 18. a5 Rae8 19. Rae1 Bh6 20. f3 exf3 21. Nxf3 g4 22.
Nxh4 Qxh4 23. hxg4 fxg4 24. g3 Qh5 25. e4 Ng5 26. Nd2 Nh3+ 27. Kg2 Nf4+ 28.
gxf4 Qh3+ 29. Kg1 g3 30. Nf3 Rxf4 31. Bd1 Rg4 32. Nd4 Be3+ 33. Rxe3 gxh2+ 34.
Kf2 Qxf1+ 0-1

[Event "SR 1. liga zapad 2012/2013"]
[Site "?"]
[Date "2012.12.08"]
[Round "3.6"]
[White "Dobrotka, Martin"]
[Black "Tibensky, Robert"]
[Result "1/2-1/2"]
[WhiteElo "2235"]
[BlackElo "2396"]
[PlyCount "129"]
[EventDate "2012.??.??"]

1. d4 Nf6 2. c4 g6 3. Nc3 d5 4. Nf3 Bg7 5. e3 O-O 6. Qb3 e6 7. Be2 b6 8. cxd5
exd5 9. O-O Bb7 10. Rd1 Nbd7 11. Bd2 Re8 12. Rac1 c6 13. a4 a5 14. Be1 Re6 15.
Qc2 Rc8 16. Qb1 Bf8 17. Na2 Ne4 18. b4 axb4 19. Nxb4 Ra8 20. Qb3 Qb8 21. Nd3
Bd6 22. Nde5 Nxe5 23. dxe5 Bc7 24. Nd4 Nc5 25. Rxc5 bxc5 26. Nxe6 fxe6 27. Rb1
Bc8 28. Qxb8 Bxb8 29. f4 Bc7 30. a5 Kf7 31. Kf1 c4 32. Bc3 Ra7 33. Ra1 Ba6 34.
Ke1 Rb7 35. Bd1 c5 36. Bc2 Bb8 37. Rb1 Ba7 38. Rd1 Rd7 39. g4 d4 40. Be4 Bc8
41. Ba1 c3 42. Bc6 Rc7 43. Bb5 Bb7 44. Ke2 Bd5 45. Ba6 Rd7 46. Rc1 Rd8 47. exd4
cxd4 48. Bd3 Rb8 49. Rb1 Rxb1 50. Bxb1 Bc4+ 51. Bd3 Bxd3+ 52. Kxd3 h5 53. h3
hxg4 54. hxg4 Ke7 55. Ke4 Kd7 56. f5 gxf5+ 57. gxf5 exf5+ 58. Kxf5 Kc6 59. Ke4
Kb5 60. e6 Bc5 61. e7 Bxe7 62. Kxd4 c2 63. Bb2 Bf6+ 64. Kd3 Bxb2 65. Kxc2
1/2-1/2

[Event "SR 1. liga zapad 2012/2013"]
[Site "?"]
[Date "2012.12.08"]
[Round "3.6"]
[White "Gabris, Ondrej"]
[Black "Kaniansky, Miroslav"]
[Result "1/2-1/2"]
[WhiteElo "2206"]
[BlackElo "2209"]
[PlyCount "40"]
[EventDate "2012.??.??"]

1. e4 e5 2. Nf3 Nc6 3. d4 exd4 4. Bc4 Bc5 5. c3 Nf6 6. cxd4 Bb4+ 7. Bd2 Bxd2+
8. Nbxd2 d5 9. exd5 Nxd5 10. Qb3 Nce7 11. O-O O-O 12. Rfe1 c6 13. Ne4 h6 14.
Nc5 Qb6 15. Ne5 Qxb3 16. Bxb3 Rd8 17. Rad1 b6 18. Ne4 Be6 19. Nc3 Rac8 20. g3
Kf8 1/2-1/2

[Event "SR 1. liga zapad 2012/2013"]
[Site "?"]
[Date "2012.12.08"]
[Round "3.6"]
[White "Gunis, Juraj"]
[Black "Hartl, Jan"]
[Result "1-0"]
[WhiteElo "2108"]
[BlackElo "2133"]
[PlyCount "93"]
[EventDate "2012.??.??"]

1. Nf3 Nf6 2. c4 g6 3. d4 c5 4. d5 b5 5. cxb5 a6 6. e3 Bg7 7. Nc3 d6 8. a4 O-O
9. Be2 axb5 10. Bxb5 Ba6 11. O-O Qa5 12. Qd3 Bxb5 13. Nxb5 Na6 14. e4 Nb4 15.
Qe2 Nd7 16. Nd2 Qa6 17. Nc4 Qb7 18. Ra3 Na6 19. Na5 Qc8 20. Nc6 Re8 21. Bg5 f6
22. Bd2 Nc7 23. h4 Nxb5 24. axb5 Nb6 25. Rfa1 e6 26. Ra7 exd5 27. Rxa8 Nxa8 28.
Qd3 Nb6 29. exd5 Qg4 30. Ba5 Nd7 31. b6 f5 32. Qg3 Bxb2 33. Qxg4 fxg4 34. Rb1
Bd4 35. b7 g3 36. b8=Q Nxb8 37. Rxb8 gxf2+ 38. Kf1 Rxb8 39. Nxb8 c4 40. Bd2 Bb2
41. Bf4 Ba3 42. Nc6 Bc5 43. Bd2 Kg7 44. Bc3+ Kf7 45. Na5 g5 46. h5 Ke8 47. g4
1-0

[Event "SR 1. liga zapad 2012/2013"]
[Site "?"]
[Date "2012.12.08"]
[Round "3.6"]
[White "Janos, Ivan"]
[Black "Pinter, Patrik"]
[Result "0-1"]
[WhiteElo "2145"]
[BlackElo "2164"]
[PlyCount "120"]
[EventDate "2012.??.??"]

1. e4 d6 2. d4 Nf6 3. Nc3 g6 4. Bg5 Bg7 5. f4 O-O 6. Qd2 c5 7. dxc5 dxc5 8.
Qxd8 Rxd8 9. e5 Nd5 10. Nxd5 Rxd5 11. Nf3 Nc6 12. Bc4 Rd8 13. O-O Bf5 14. Rac1
Kf8 15. Bh4 h6 16. Bf2 Rac8 17. Nh4 Be4 18. Rfe1 Bd5 19. Bxd5 Rxd5 20. c4 Rd2
21. Bxc5 Rxb2 22. Red1 Ke8 23. a3 b6 24. Bf2 Na5 25. e6 Bf6 26. Nf3 fxe6 27.
Bd4 Bxd4+ 28. Nxd4 Rxc4 29. Nxe6 Kf7 30. Nd4 Rxc1 31. Rxc1 Nb3 32. Rc4 Nc5 33.
Kf1 Kf6 34. Nf3 Ra2 35. Rc3 a5 36. Nh4 a4 37. Nf3 Rb2 38. Nd4 e5 39. fxe5+ Kxe5
40. Nc6+ Ke4 41. Nb4 Rb3 42. Rc4+ Ke3 43. Nd5+ Kd3 44. Rc1 Ne4 45. Nf4+ Kd2 46.
Re1 Nc3 47. Nxg6 Rxa3 48. Ne5 Rb3 49. g4 b5 50. Nf3+ Kd3 51. h4 a3 52. g5 hxg5
53. hxg5 a2 54. g6 Ra3 55. g7 Ra8 56. Ne5+ Kc2 57. Kf2 Rg8 58. Ke3 Rxg7 59. Kd4
Nb1 60. Re2+ Kb3 0-1

[Event "SR 1. liga zapad 2012/2013"]
[Site "?"]
[Date "2012.12.08"]
[Round "3.6"]
[White "Kimerling, Martin"]
[Black "Vrablik, Miroslav"]
[Result "1-0"]
[WhiteElo "2027"]
[BlackElo "2049"]
[PlyCount "51"]
[EventDate "2012.??.??"]

1. d4 Nf6 2. c4 c5 3. d5 e6 4. Nc3 exd5 5. cxd5 d6 6. Nf3 g6 7. g3 Bg7 8. Bg2
O-O 9. O-O Qe7 10. Nd2 Nbd7 11. a4 b6 12. Nc4 Ne8 13. Bf4 Ne5 14. Nxe5 Bxe5 15.
Bxe5 Qxe5 16. Qd3 a6 17. f4 Qh5 18. e4 Bh3 19. Rae1 Bxg2 20. Kxg2 Nc7 21. e5
dxe5 22. fxe5 b5 23. Ne4 c4 24. Qd2 Kg7 25. Qd4 Rad8 26. e6+ 1-0

[Event "SR 1. liga zapad 2012/2013"]
[Site "?"]
[Date "2012.12.08"]
[Round "3.6"]
[White "Lakatos, Vladimir"]
[Black "Klemanic, Emil"]
[Result "1-0"]
[WhiteElo "2155"]
[BlackElo "2209"]
[PlyCount "59"]
[EventDate "2012.??.??"]

1. c4 e5 2. Nc3 Nc6 3. g3 g6 4. Bg2 Bg7 5. e3 f5 6. Nge2 Nge7 7. O-O e4 8. Nf4
O-O 9. d4 exd3 10. Qxd3 d6 11. Rd1 a6 12. a3 Qe8 13. Rb1 g5 14. Nh3 h6 15. f4
Qh5 16. Nf2 Be6 17. Nd5 Bxd5 18. cxd5 Nd8 19. b4 b6 20. Bb2 Bxb2 21. Rxb2 Rf7
22. Rc2 Ra7 23. Rdc1 Ng6 24. Qd4 Nf8 25. a4 gxf4 26. exf4 Nh7 27. Bf1 Nf6 28.
a5 c5 29. dxc6 Ne6 30. Qxd6 1-0

[Event "SR 1. liga zapad 2012/2013"]
[Site "?"]
[Date "2012.12.08"]
[Round "3.6"]
[White "Lovas, Miroslav"]
[Black "Gazi, Mikulas"]
[Result "0-1"]
[WhiteElo "2070"]
[BlackElo "2103"]
[PlyCount "72"]
[EventDate "2012.??.??"]

1. b3 d5 2. Bb2 c5 3. Nf3 Nf6 4. e3 g6 5. c4 dxc4 6. Bxc4 Bg7 7. b4 O-O 8. bxc5
Qa5 9. Qc1 Na6 10. Bxa6 Qxa6 11. d4 Bf5 12. Na3 Nd5 13. Qc4 Qa5+ 14. Nd2 Rfd8
15. Qb5 Qxb5 16. Nxb5 Nb4 17. Bc3 Nc2+ 18. Ke2 Nxa1 19. Rxa1 e5 20. Nd6 exd4
21. exd4 Bd7 22. Nxb7 Bb5+ 23. Ke3 Re8+ 24. Ne4 Bh6+ 25. f4 Re7 26. Nbd6 Bc6
27. Kd3 Bxf4 28. d5 Bxd6 29. Nf6+ Kf8 30. Nxh7+ Ke8 31. cxd6 Bb5+ 32. Kd4 Re2
33. a4 Ba6 34. Bb4 f5 35. Rc1 Re4+ 36. Kc3 Rc8+ 0-1

[Event "SR 1. liga zapad 2012/2013"]
[Site "?"]
[Date "2012.12.08"]
[Round "3.6"]
[White "Michal, Silvio"]
[Black "Garban, Mario"]
[Result "0-1"]
[WhiteElo "2105"]
[BlackElo "1997"]
[PlyCount "58"]
[EventDate "2012.??.??"]

1. c4 e6 2. Nc3 Nf6 3. d4 d5 4. Nf3 c6 5. Bg5 Be7 6. e3 Nbd7 7. Rc1 O-O 8. Bd3
Re8 9. O-O h6 10. Bh4 dxc4 11. Bxc4 Qb6 12. Qc2 Nd5 13. Bxe7 Nxe7 14. Ne4 Rd8
15. Rfd1 Nd5 16. a3 N7f6 17. Nc5 Bd7 18. e4 Ne7 19. Ne5 Be8 20. Rd3 Qc7 21. Qb3
b6 22. Bxe6 bxc5 23. Bxf7+ Kh7 24. Bxe8 Rxe8 25. Rg3 Nh5 26. Rf3 cxd4 27. Qe6
Rf8 28. g4 Nf4 29. g5 Nxe6 0-1

[Event "SR 1. liga zapad 2012/2013"]
[Site "?"]
[Date "2012.12.09"]
[Round "4.1"]
[White "Banas, Jan"]
[Black "Dolnik, Attila"]
[Result "1-0"]
[WhiteElo "2275"]
[BlackElo "2156"]
[Annotator ",littledolnik"]
[PlyCount "83"]
[EventDate "2012.??.??"]

1. c4 e6 2. Nc3 f5 3. d4 Nf6 4. Nf3 d6 5. g3 g6 6. Bg2 Bg7 7. O-O O-O 8. Qc2
Nbd7 9. e4 fxe4 10. Nxe4 Nxe4 11. Qxe4 Qf6 12. Bg5 Qf5 13. Qh4 Nf6 14. Rac1 Bd7
15. Rc3 Rae8 16. Ra3 Bc6 17. d5 Nxd5 18. cxd5 Bxd5 19. Bc1 Qc2 20. Nd4 Qc5 21.
Nb3 Qc2 22. Bxd5 exd5 23. Qg5 Re2 24. Qxd5+ Kh8 25. Nd4 Rexf2 26. Nxc2 Rxf1+
27. Kg2 R8f2+ 28. Kh3 Rxc1 29. Ne3 h5 30. Rxa7 Re1 31. Ra8+ Kh7 32. Re8 Ree2
33. Qg8+ Kh6 34. Nf5+ gxf5 35. Rxe2 Rxe2 36. b3 Re5 37. Qf7 Rc5 38. b4 Rb5 39.
Qxc7 Be5 40. Qc4 Rb6 41. b5 Kg6 42. Qd5 1-0

[Event "SR 1. liga zapad 2012/2013"]
[Site "?"]
[Date "2012.12.09"]
[Round "4.1"]
[White "Barczi, Tibor"]
[Black "Drtina, Milan"]
[Result "1-0"]
[WhiteElo "2070"]
[BlackElo "2202"]
[PlyCount "83"]
[EventDate "2012.??.??"]

1. e4 e5 2. Nc3 d6 3. Bc4 Nc6 4. d3 Nf6 5. f4 Na5 6. Bb3 Nxb3 7. axb3 g6 8.
fxe5 dxe5 9. Nf3 Bg7 10. Bg5 Qd6 11. Qd2 h6 12. Be3 a6 13. Ra5 Ng4 14. Rd5 Qe6
15. Bg1 c6 16. Ra5 b5 17. h3 Nf6 18. Na4 Nxe4 19. dxe4 bxa4 20. bxa4 O-O 21.
Bc5 Re8 22. O-O Rb8 23. b3 Rb7 24. Qd6 f5 25. exf5 gxf5 26. Qxe6+ Bxe6 27. Rxa6
Bd5 28. Nh4 f4 29. Nf5 Rd7 30. Re1 e4 31. c4 Bc3 32. Re2 Re5 33. Nxh6+ Kh7 34.
Ng4 Rg5 35. cxd5 cxd5 36. b4 e3 37. b5 Rc7 38. Ra7 Rxa7 39. Bxa7 d4 40. Nf6+
Kg6 41. Ne4 d3 42. Nxc3 1-0

[Event "SR 1. liga zapad 2012/2013"]
[Site "?"]
[Date "2012.12.09"]
[Round "4.1"]
[White "Barczi, Viktor"]
[Black "Hertel, Ondrej"]
[Result "1/2-1/2"]
[WhiteElo "1997"]
[BlackElo "2079"]
[PlyCount "92"]
[EventDate "2012.??.??"]

1. e4 c5 2. Nc3 d6 3. g3 Nf6 4. Bg2 g6 5. d3 Bg7 6. f4 Nc6 7. Nf3 O-O 8. O-O
Bd7 9. h3 Rb8 10. Be3 b5 11. g4 b4 12. Ne2 a5 13. f5 a4 14. Qc1 Re8 15. Bh6 Qb6
16. Kh2 Rec8 17. Ng3 Nd4 18. Bxg7 Kxg7 19. Nxd4 cxd4 20. g5 Ng8 21. Rf2 b3 22.
axb3 axb3 23. Qd1 bxc2 24. Rxc2 Rxc2 25. Qxc2 Qxb2 26. Qxb2 Rxb2 27. Ra7 Bb5
28. Rb7 Rb1 29. Ne2 Bxd3 30. Rxb1 Bxb1 31. Nxd4 h6 32. h4 hxg5 33. hxg5 Ba2 34.
Kg3 f6 35. gxf6+ Nxf6 36. fxg6 Kxg6 37. Nf5 Kf7 38. Kf4 Bb1 39. Nxd6+ exd6 40.
e5 Nh5+ 41. Kg5 dxe5 42. Kxh5 Kf6 43. Kg4 Ke6 44. Kf3 Kf5 45. Ke3 e4 46. Bxe4+
Bxe4 1/2-1/2

[Event "SR 1. liga zapad 2012/2013"]
[Site "?"]
[Date "2012.12.09"]
[Round "4.1"]
[White "Berek, Geza"]
[Black "Vass, Frantisek"]
[Result "1/2-1/2"]
[WhiteElo "2158"]
[BlackElo "2292"]
[PlyCount "65"]
[EventDate "2012.??.??"]

1. e4 d5 2. exd5 Qxd5 3. Nc3 Qa5 4. d4 Nf6 5. Nf3 Bg4 6. h3 Bh5 7. g4 Bg6 8.
Ne5 c6 9. h4 Be4 10. Rh3 Bd5 11. Bd2 Nbd7 12. Nxd7 Nxd7 13. Bd3 Qc7 14. Nxd5
cxd5 15. Qf3 e6 16. O-O-O Nb8 17. Re1 Qd7 18. c4 dxc4 19. Bxc4 Bd6 20. Qb3 O-O
21. Kb1 Nc6 22. Bc3 Rae8 23. Rhe3 a6 24. a4 a5 25. Bb5 Ra8 26. Re4 Qc7 27. d5
exd5 28. Qxd5 Bb4 29. Bxg7 Kxg7 30. Qg5+ Kh8 31. Qf6+ Kg8 32. Qg5+ Kh8 33. Qf6+
1/2-1/2

[Event "SR 1. liga zapad 2012/2013"]
[Site "?"]
[Date "2012.12.09"]
[Round "4.1"]
[White "Lanc, Alois"]
[Black "Szegi, Tamas"]
[Result "1-0"]
[WhiteElo "2402"]
[BlackElo "2228"]
[PlyCount "111"]
[EventDate "2012.??.??"]

1. e4 c5 2. Nc3 e6 3. g3 Nc6 4. Bg2 d6 5. f4 g6 6. Nf3 Bg7 7. d3 Nge7 8. Be3
Nd4 9. Qd2 Rb8 10. O-O O-O 11. Nd1 b5 12. Nh4 f5 13. c3 Ndc6 14. Nf3 b4 15. c4
Qa5 16. Re1 b3 17. Qxa5 Nxa5 18. e5 Nec6 19. a3 Rd8 20. Nf2 h6 21. Rab1 dxe5
22. Nxe5 Nxe5 23. fxe5 Bf8 24. Bd2 Nxc4 25. Bxh6 Bxh6 26. dxc4 Ba6 27. Bf1 Rd4
28. Nd3 Rc8 29. Nc1 Rb8 30. Nd3 Bf8 31. Nf4 Kf7 32. Ne2 Rxc4 33. Nc3 Rxc3 34.
bxc3 Bxf1 35. Kxf1 c4 36. Red1 Rb7 37. Rd8 Rc7 38. Rbd1 Ke7 39. Rb8 Bg7 40. Rb5
a6 41. Ra5 Rc6 42. Ke2 Rb6 43. Rc5 Rb7 44. Rxc4 Bxe5 45. Rb4 Rxb4 46. cxb4 b2
47. Kd3 g5 48. Kc2 f4 49. gxf4 gxf4 50. a4 Kf6 51. b5 axb5 52. axb5 Kf5 53. b6
f3 54. h4 Bg3 55. Rf1 Kg4 56. h5 1-0

[Event "SR 1. liga zapad 2012/2013"]
[Site "?"]
[Date "2012.12.09"]
[Round "4.1"]
[White "Nicolini, Alexander"]
[Black "Urban, Gabor"]
[Result "1-0"]
[WhiteElo "2134"]
[BlackElo "1958"]
[PlyCount "95"]
[EventDate "2012.??.??"]

1. e4 c6 2. d4 d5 3. exd5 cxd5 4. Bd3 Nc6 5. c3 Nf6 6. h3 e6 7. Nf3 Bd6 8. O-O
h6 9. Re1 Qc7 10. Qe2 Nd7 11. Nbd2 O-O 12. Nb3 a6 13. Be3 b5 14. Rac1 Bb7 15.
Bb1 Rae8 16. Qc2 f5 17. Rcd1 Nf6 18. Bc1 Ne4 19. Re2 g5 20. Nfd2 Qg7 21. Nf1
Rf6 22. f3 Ng3 23. Nxg3 Bxg3 24. Nc5 Bc8 25. Qd3 Bb8 26. Rf1 Ne7 27. a4 bxa4
28. Nxa6 Bd6 29. Nc5 Ng6 30. Qb5 Ref8 31. Qc6 Bxc5 32. dxc5 Qa7 33. Be3 Ba6 34.
Qxa4 Ra8 35. Ree1 Bxf1 36. Qxa7 Rxa7 37. Kxf1 e5 38. b4 e4 39. Bd4 Re6 40. b5
Nf4 41. c6 Ra8 42. Bc2 Kf7 43. c7 Rae8 44. fxe4 fxe4 45. b6 R6e7 46. Bb3 Rd7
47. Rxe4 Ne6 48. Bxd5 1-0

[Event "SR 1. liga zapad 2012/2013"]
[Site "?"]
[Date "2012.12.09"]
[Round "4.1"]
[White "Szaraz, Vojtech"]
[Black "Miklas, Marian"]
[Result "1-0"]
[WhiteElo "1932"]
[BlackElo "2142"]
[PlyCount "39"]
[EventDate "2012.??.??"]

1. e4 c5 2. Nf3 d6 3. d4 cxd4 4. Nxd4 Nf6 5. Nc3 a6 6. Bc4 e6 7. Bb3 b5 8. O-O
Bb7 9. Re1 Nbd7 10. Bg5 Nc5 11. a3 Be7 12. Ba2 O-O 13. f3 Qc8 14. Qe2 Re8 15.
Rad1 Na4 16. Nxa4 bxa4 17. c3 Qc5 18. Be3 Qa5 19. Qc2 Nd7 20. Nxe6 1-0

[Event "SR 1. liga zapad 2012/2013"]
[Site "?"]
[Date "2012.12.09"]
[Round "4.1"]
[White "Szitkey, Milan"]
[Black "Kral, Klaudia"]
[Result "1-0"]
[WhiteElo "2137"]
[BlackElo "1871"]
[PlyCount "131"]
[EventDate "2012.??.??"]

1. e4 c5 2. Nf3 e6 3. c3 d5 4. exd5 Qxd5 5. d4 Nf6 6. Nbd2 Nc6 7. Bc4 Qd8 8.
Nb3 cxd4 9. Nbxd4 Nxd4 10. Nxd4 Bc5 11. O-O Nd5 12. Qf3 Bxd4 13. cxd4 O-O 14.
b3 a6 15. Ba3 Re8 16. Rfe1 Nc7 17. Rad1 b5 18. Bd3 Nd5 19. Re5 g6 20. Bc1 Bb7
21. Qg3 Qc7 22. Bh6 Qe7 23. Rde1 Qf6 24. h4 Ne7 25. h5 Nc6 26. Rg5 Ne7 27. Rge5
Nc6 28. R5e4 Ne7 29. Rf4 Nf5 30. Bxf5 exf5 31. Rd1 Re4 32. Bg5 Qe6 33. hxg6
fxg6 34. Rxe4 Qxe4 35. f3 Qd5 36. Bf6 Rc8 37. Re1 Qf7 38. Qe5 Bc6 39. Qd6 Re8
40. Re5 Rxe5 41. Bxe5 Bd7 42. Qxa6 Qe6 43. Qa8+ Be8 44. Qd8 Kf7 45. f4 Qe7 46.
Qb6 Qe6 47. Qb7+ Qd7 48. Qf3 Qe7 49. d5 Qa7+ 50. Kh2 Qxa2 51. Qh3 Kg8 52. Qh6
Qa7 53. Qg5 Qf7 54. Qd8 h6 55. Bd4 Kh7 56. Qd6 g5 57. Kg1 g4 58. Qe5 Kg6 59.
Kf2 Kh5 60. g3 Kg6 61. Ke3 Bd7 62. Kd3 Bc8 63. Qd6+ Kh5 64. Be5 Qg6 65. Qd8 Ba6
66. Qh4# 1-0